Datum a čas kvízu

31 Celkem bodů Celkový počet nahraných bodů na tomto kvízu bez doplňovacích otázek.
2. Pořadí na kvízu Konečné umístění týmu na tomto kvízu.

Zaznamenané odpovědi

# Otázka Odpověď Body Výsledky
1. Organizátoři festivalu Colours... Lorde 0
2. Americký prezident Donald Trum... golfová hůl 1
3. Nebyl by to ten správný Hallow... Medusu/Gorgonu 1
4. Známý dánský pivovar představi... Carlsberg 0
5. Julie Zárybnická získala minul... V judu 0
6. Ačkoliv je čas večeře, věnujem... fazole; rajčata 1
7. Od slané ke sladké snídani. V... javorový sirup 1
8. „Snídaně v trávě“ není název: D 0
9. Když vyrazíme od Mumlavského v... Krakonošova snídaně 0
10. Mnozí z nás si snídani bez káv... cascara 0